Learning vocabulary in another language

সংরক্ষণ করুন:
গ্রন্থ-পঞ্জীর বিবরন
প্রধান লেখক: Nation, I. S. P.
বিন্যাস: গ্রন্থ
ভাষা:Undetermined
প্রকাশিত: Cambridge Cambridge University 2001
বিষয়গুলি:
ট্যাগগুলো: ট্যাগ যুক্ত করুন
কোনো ট্যাগ নেই, প্রথমজন হিসাবে ট্যাগ করুন!
Thư viện lưu trữ: Trung tâm Học liệu Trường Đại học Cần Thơ
LEADER 00583nam a2200205Ia 4500
001 CTU_100133
008 210402s9999 xx 000 0 und d
020 |c 293000 
082 |a 410.07 
082 |b N277 
100 |a Nation, I. S. P. 
245 0 |a Learning vocabulary in another language 
245 0 |c I. S. P. Nation 
260 |a Cambridge 
260 |b Cambridge University 
260 |c 2001 
650 |a Vocabulary,Language and languages 
650 |x Study and teaching,Study and teaching 
904 |i Giang 
980 |a Trung tâm Học liệu Trường Đại học Cần Thơ